[Event "Grand Pacific op"]
[Site "Victoria CAN"]
[Date "2012.04.09"]
[Round "6"]
[White "Gedajlovic, Max"]
[Black "Radic, Dejan"]
[Result "1/2-1/2"]
[WhiteElo "1429"]
[BlackElo "1682"]
[PlyCount "70"]
[GameId "2160767909509910"]
[EventDate "2012.04.06"]
[EventType "swiss"]
[EventRounds "6"]
[EventCountry "CAN"]

1. d4 Nf6 2. c4 g6 3. Nc3 Bg7 4. e4 d6 5. f3 O-O 6. Be3 c5 7. Nge2 Qa5 8. Qd2 Nc6 9. d5 Ne5 10. Ng3 h5 11. Be2 b5 12. Nxb5 Qxd2+ 13. Kxd2 a6 14. Nc3 Nfd7 15. f4 Ng4 16. Bxg4 hxg4 17. h3 Nb6 18. Kd3 Bd7 19. hxg4 Rfb8 20. f5 Na4 21. Nxa4 Bxa4 22. Rab1 Bxb2 23. Bd2 Be5 24. Rxb8+ Rxb8 25. Bc3 Bxc3 26. Kxc3 Kg7 27. g5 Bd7 28. Rf1 a5 29. f6+ exf6 30. gxf6+ Kg8 31. Rh1 a4 32. Nf1 a3 33. Nd2 Rb2 34. Ra1 Ba4 35. g3 Rc2+ 1/2-1/2

[Event "Grand Pacific op"]
[Site "Victoria CAN"]
[Date "2012.04.09"]
[Round "6"]
[White "Haynes, Nicolas"]
[Black "Nakamura, Hikaru"]
[Result "0-1"]
[WhiteElo "2192"]
[BlackElo "2771"]
[PlyCount "81"]
[GameId "2160767909509911"]
[EventDate "2012.04.06"]
[EventType "swiss"]
[EventRounds "6"]
[EventCountry "CAN"]
[SourceTitle "CBM 147 Extra"]
[Source "ChessBase"]
[SourceDate "2012.04.24"]
[SourceVersion "1"]
[SourceVersionDate "2012.04.24"]
[SourceQuality "1"]

1. d4 d5 2. Nf3 c5 3. dxc5 Nc6 4. c4 e6 5. e3 Bxc5 6. Be2 Nf6 7. O-O O-O 8. a3 a5 9. b3 Qe7 10. Nc3 Rd8 11. cxd5 exd5 12. Nb5 Bg4 13. Bb2 Rac8 14. Nfd4 Bd7 15. Bf3 Ne5 16. Nc3 Nxf3+ 17. Qxf3 Qe5 18. Qg3 Qh5 19. Nde2 Qh6 20. h4 Bg4 21. Nf4 d4 22. Ncd5 Nxd5 23. Nxd5 Be6 24. Nf4 dxe3 25. fxe3 Bxb3 26. Bd4 Rxd4 27. exd4 Bxd4+ 28. Kh2 Bxa1 29. Rxa1 a4 30. Re1 Qd6 31. Qg4 Be6 32. Rd1 Bxg4 33. Rxd6 b5 34. Nd5 Kf8 35. Rb6 Bd7 36. Kg3 f6 37. Kf4 Rc4+ 38. Ke3 Rxh4 39. Rb8+ Kf7 40. Rb7 Ke6 41. Nc7+ 0-1

[Event "Grand Pacific op"]
[Site "Victoria CAN"]
[Date "2012.04.09"]
[Round "6"]
[White "Kenney, Jason"]
[Black "Sanetullaev, Alisher"]
[Result "0-1"]
[WhiteElo "2198"]
[BlackElo "2150"]
[PlyCount "54"]
[GameId "2160767909509912"]
[EventDate "2012.04.06"]
[EventType "swiss"]
[EventRounds "6"]
[EventCountry "CAN"]

1. d4 Nf6 2. c4 g6 3. Nc3 d5 4. cxd5 Nxd5 5. e4 Nxc3 6. bxc3 Bg7 7. Be3 c5 8. Qd2 cxd4 9. cxd4 O-O 10. Rd1 Nc6 11. d5 Na5 12. f4 Bg4 13. Nf3 Rc8 14. Bd4 Bxd4 15. Qxd4 Rc2 16. Rd2 Rc1+ 17. Kf2 Nc4 18. Bxc4 Rxh1 19. h3 Bxf3 20. Kxf3 Qa5 21. e5 Rc8 22. Bb3 Qc3+ 23. Qxc3 Rxc3+ 24. Kg4 h5+ 25. Kg5 Kg7 26. d6 Rg3+ 27. Kh4 Rg4# 0-1

[Event "Grand Pacific op"]
[Site "Victoria CAN"]
[Date "2012.04.09"]
[Round "6"]
[White "Kostadinov, George"]
[Black "Lampman, Becca"]
[Result "1-0"]
[WhiteElo "2124"]
[BlackElo "1961"]
[PlyCount "57"]
[GameId "2160767909509914"]
[EventDate "2012.04.06"]
[EventType "swiss"]
[EventRounds "6"]
[EventCountry "CAN"]

1. d4 Nf6 2. c4 g6 3. Nc3 Bg7 4. e4 d6 5. f3 O-O 6. Be3 e5 7. d5 Nh5 8. Qd2 f5 9. Bg5 Qe8 10. Nge2 f4 11. g4 fxg3 12. Nxg3 Nxg3 13. hxg3 Rxf3 14. Qh2 h5 15. Be2 Rf7 16. g4 Bf8 17. gxh5 Rh7 18. O-O-O Na6 19. Rdg1 Bh6 20. Kb1 Bxg5 21. Rxg5 Bd7 22. Qg3 Kh8 23. Rxg6 Qf7 24. Rf1 Qe7 25. Rg1 Qf7 26. h6 Qf8 27. Qg5 Re8 28. Rg8+ Qxg8 29. Qf6+ 1-0

[Event "Grand Pacific op"]
[Site "Victoria CAN"]
[Date "2012.04.09"]
[Round "6"]
[White "Maisuradze, Nino"]
[Black "Sohal, Tanraj"]
[Result "1-0"]
[WhiteElo "2320"]
[BlackElo "2096"]
[PlyCount "137"]
[GameId "2160767909509915"]
[EventDate "2012.04.06"]
[EventType "swiss"]
[EventRounds "6"]
[EventCountry "CAN"]
[SourceTitle "CBM 147 Extra"]
[Source "ChessBase"]
[SourceDate "2012.04.24"]
[SourceVersion "1"]
[SourceVersionDate "2012.04.24"]
[SourceQuality "1"]

1. d4 d5 2. c4 e6 3. Nc3 c6 4. e3 Nf6 5. Nf3 Nbd7 6. Bd3 Bd6 7. O-O O-O 8. b3 e5 9. cxd5 cxd5 10. Nb5 Bb8 11. dxe5 Nxe5 12. Be2 Nxf3+ 13. Bxf3 Be5 14. Nd4 Qc7 15. h3 Bd7 16. Bb2 Rfe8 17. Qc1 Qb6 18. Ne2 Rac8 19. Qd2 Bxb2 20. Qxb2 Bb5 21. Rfd1 Bxe2 22. Bxe2 Rc7 23. Bf3 Rd7 24. Rac1 Red8 25. Rd4 h6 26. Qd2 a6 27. Rc2 Qe6 28. Qb4 Qd6 29. Qxd6 Rxd6 30. Rcd2 R6d7 31. Bg4 Re7 32. R2d3 Kf8 33. f4 Nxg4 34. hxg4 Ke8 35. Kf2 Red7 36. Kf3 Ke7 37. f5 g5 38. b4 Rd6 39. a4 Kf6 40. b5 axb5 41. axb5 Ke5 42. Rc3 R8d7 43. Rc5 Rb6 44. Ke2 Rbd6 45. Kd3 b6 46. Rc8 Rd8 47. Rxd8 Rxd8 48. Ra4 Rd7 49. Ra6 Rb7 50. Ra8 Rc7 51. Rb8 Rc4 52. Re8+ Kd6 53. e4 Rxe4 54. Rxe4 dxe4+ 55. Kxe4 Kc5 56. Ke5 Kxb5 57. Kf6 Kc4 58. Kxf7 b5 59. Kg7 b4 60. f6 b3 61. f7 b2 62. f8=Q b1=Q 63. Qf7+ Kd4 64. Qf6+ Ke3 65. Qf3+ Kd4 66. Kxh6 Qb6+ 67. Kxg5 Qc5+ 68. Qf5 Qa7 69. Qf2+ 1-0

[Event "Grand Pacific op"]
[Site "Victoria CAN"]
[Date "2012.04.09"]
[Round "6"]
[White "Moffat, Andrei"]
[Black "Yoos, John"]
[Result "0-1"]
[WhiteElo "2105"]
[BlackElo "2344"]
[PlyCount "70"]
[GameId "2160767909509916"]
[EventDate "2012.04.06"]
[EventType "swiss"]
[EventRounds "6"]
[EventCountry "CAN"]
[SourceTitle "CBM 147 Extra"]
[Source "ChessBase"]
[SourceDate "2012.04.24"]
[SourceVersion "1"]
[SourceVersionDate "2012.04.24"]
[SourceQuality "1"]

1. e4 c5 2. Nf3 d6 3. d4 cxd4 4. Nxd4 Nf6 5. Nc3 Nc6 6. Nxc6 bxc6 7. e5 dxe5 8. Qxd8+ Kxd8 9. Bd2 e6 10. O-O-O Kc7 11. g3 Nd5 12. Ne4 a5 13. c4 Nb6 14. f4 f5 15. Ng5 e4 16. Bc3 Bd7 17. h4 h6 18. Nf7 Rg8 19. Rh2 Bc5 20. Kc2 Raf8 21. Ne5 a4 22. Rhd2 Bc8 23. Ba5 Kb7 24. b4 axb3+ 25. axb3 g5 26. b4 Be3 27. Rd6 gxf4 28. Rxc6 fxg3 29. c5 Na8 30. Rdd6 g2 31. Bb5 g1=Q 32. Rb6+ Nxb6 33. Rxb6+ Ka8 34. Bc6+ Ka7 35. Bxe4 Qh2+ 0-1

[Event "Grand Pacific op"]
[Site "Victoria CAN"]
[Date "2012.04.09"]
[Round "6"]
[White "Trochtchanovitch, Pavel"]
[Black "Awatramani, Janak"]
[Result "0-1"]
[WhiteElo "2024"]
[BlackElo "1882"]
[PlyCount "110"]
[GameId "2160767909509917"]
[EventDate "2012.04.06"]
[EventType "swiss"]
[EventRounds "6"]
[EventCountry "CAN"]

1. e4 b6 2. d4 Bb7 3. Nc3 e6 4. Nf3 Nf6 5. Bd3 d5 6. e5 Nfd7 7. Ne2 Be7 8. c3 c5 9. O-O Nc6 10. Re1 a6 11. Nf4 g6 12. a4 c4 13. Bc2 b5 14. axb5 axb5 15. Rxa8 Qxa8 16. Qe2 Nb6 17. h4 Kd7 18. Nh3 h6 19. Nh2 Bxh4 20. Ng4 h5 21. Nf6+ Bxf6 22. exf6 Qd8 23. Bg5 Nc8 24. Bxg6 Qg8 25. Bxh5 Nd6 26. Qg4 Qh7 27. Nf4 Kc7 28. Bh4 Rg8 29. Qh3 Bc8 30. Bg4 Qh6 31. Nh5 Ne4 32. f3 Nxc3 33. bxc3 Qd2 34. Qg3+ Kb7 35. Rb1 Qxc3 36. Qe1 Qxe1+ 37. Bxe1 Nxd4 38. Kf2 Kc6 39. Bc3 Nb3 40. Nf4 Kc5 41. Ne2 b4 42. Be5 d4 43. Bh5 Rf8 44. Ke1 Bb7 45. Nc1 Nxc1 46. Rxc1 b3 47. Rd1 c3 48. Rxd4 b2 49. Rd1 Kc4 50. Ke2 Ba6 51. Ke1 Kb3 52. Rb1 Bd3 53. Rxb2+ cxb2 54. Bxb2 Kxb2 55. Kd2 Bg6 0-1

[Event "Grand Pacific op"]
[Site "Victoria CAN"]
[Date "2012.04.09"]
[Round "6"]
[White "Wu, Howard"]
[Black "Laceste, Loren"]
[Result "1-0"]
[WhiteElo "2148"]
[BlackElo "2238"]
[PlyCount "89"]
[GameId "2160767909509918"]
[EventDate "2012.04.06"]
[EventType "swiss"]
[EventRounds "6"]
[EventCountry "CAN"]

1. e4 c5 2. Nf3 Nc6 3. d4 cxd4 4. Nxd4 Nf6 5. Nc3 e5 6. Ndb5 d6 7. Bg5 a6 8. Na3 b5 9. Bxf6 gxf6 10. Nd5 Bg7 11. Bd3 Ne7 12. Nxe7 Qxe7 13. c4 f5 14. Qd2 O-O 15. O-O fxe4 16. Bxe4 Rb8 17. cxb5 axb5 18. Rad1 Qh4 19. Rfe1 Be6 20. g3 Qh5 21. Qxd6 b4 22. Nc2 b3 23. axb3 Rxb3 24. Ne3 Rxb2 25. Rb1 Ra2 26. Rb8 Qg5 27. h4 Qh5 28. Nd5 Bxd5 29. Bxd5 Re2 30. Rxe2 Qxe2 31. Kg2 Qh5 32. Rb7 Qf5 33. Qd7 Qf6 34. h5 Bh6 35. Rc7 Bg5 36. Ra7 Bh6 37. Rc7 Bg5 38. Rc6 Qg7 39. Qf5 Bd2 40. Rc7 Bh6 41. Re7 Bg5 42. Rxe5 Bf6 43. Re4 Kh8 44. Rf4 Be5 45. h6 1-0

[Event "Grand Pacific op U1800"]
[Site "Victoria CAN"]
[Date "2012.04.06"]
[Round "1"]
[White "Taylor, James"]
[Black "Hannan, Kelsey"]
[Result "0-1"]
[WhiteElo "1417"]
[BlackElo "1749"]
[PlyCount "66"]
[GameId "2160767909509919"]
[EventDate "2012.04.06"]
[EventType "swiss"]
[EventRounds "6"]
[EventCountry "CAN"]

1. c4 e5 2. Nc3 Nf6 3. g3 c6 4. Bg2 d5 5. cxd5 Nxd5 6. e3 Nb4 7. d4 exd4 8. a3 Nd5 9. Nxd5 cxd5 10. Qxd4 Nc6 11. Qxd5 Be6 12. Qb5 Qa5+ 13. Qxa5 Nxa5 14. Bd2 Nc4 15. Bc3 Rc8 16. Ne2 Rc7 17. O-O f6 18. Nd4 Bd7 19. Rfd1 Nxa3 20. Ba5 b6 21. Bxb6 axb6 22. bxa3 Rc3 23. a4 Bc5 24. Nb5 Bxb5 25. axb5 Ke7 26. Ra7+ Ke6 27. Rxg7 f5 28. Bd5+ Ke5 29. f4+ Kf6 30. Rf7+ Kg6 31. Re7 Bxe7 32. h4 h6 33. Kg2 Rd8 0-1

[Event "Guelph Fall Pro-Am"]
[Site "Guelph CAN"]
[Date "2012.11.03"]
[Round "1"]
[White "Filipovich, David"]
[Black "Sambuev, Bator"]
[Result "0-1"]
[WhiteElo "2212"]
[BlackElo "2677"]
[PlyCount "96"]
[GameId "2160767909411634"]
[EventDate "2012.11.03"]
[EventType "swiss"]
[EventRounds "5"]
[EventCountry "CAN"]

1. g3 d5 2. Bg2 g6 3. d3 Nf6 4. Nd2 Bg7 5. e4 O-O 6. Ne2 e6 7. O-O c5 8. f4 Nc6 9. e5 Ne8 10. c3 f6 11. exf6 Nxf6 12. Nf3 Qd6 13. d4 b6 14. Ne5 Ba6 15. Re1 cxd4 16. Nxc6 Bxe2 17. Qxe2 Qxc6 18. cxd4 Ne8 19. Qxe6+ Qxe6 20. Rxe6 Bxd4+ 21. Be3 Bxb2 22. Rd1 Ng7 23. Re7 Rae8 24. Bxd5+ Kh8 25. Rxe8 Rxe8 26. Bd4 Bxd4+ 27. Rxd4 Nf5 28. Rd3 Re7 29. Kf2 Kg7 30. g4 Nd6 31. Bc6 Nf7 32. Rd7 Rxd7 33. Bxd7 Kf6 34. Ke3 g5 35. h3 h6 36. Kf3 Nd6 37. Bc6 Nc4 38. Kg3 Ne3 39. h4 Nd1 40. Bd5 Nc3 41. Bb3 Ne2+ 42. Kf3 Nxf4 43. hxg5+ Kxg5 44. Bd1 Nd3 45. Kg3 Ne5 46. a4 Nd7 47. Be2 Nc5 48. Bb5 Ne4+ 0-1

[Event "Guelph Fall Pro-Am"]
[Site "Guelph CAN"]
[Date "2012.11.03"]
[Round "1"]
[White "Henry, Liam"]
[Black "Chernik, Dmitry"]
[Result "1-0"]
[WhiteElo "2253"]
[BlackElo "1969"]
[PlyCount "27"]
[GameId "2160767909411635"]
[EventDate "2012.11.03"]
[EventType "swiss"]
[EventRounds "5"]
[EventCountry "CAN"]

1. e4 d6 2. d4 Nf6 3. Nc3 e5 4. Nf3 Nbd7 5. Bc4 Be7 6. O-O O-O 7. Re1 c6 8. a4 Re8 9. Ng5 d5 10. exd5 cxd5 11. Nxd5 Nxd5 12. Nxf7 Kxf7 13. Bxd5+ Kf8 14. Qh5 1-0

[Event "Guelph Fall Pro-Am"]
[Site "Guelph CAN"]
[Date "2012.11.03"]
[Round "2"]
[White "Cheng, Bindi"]
[Black "Henry, Liam"]
[Result "1-0"]
[WhiteElo "2483"]
[BlackElo "2253"]
[PlyCount "45"]
[GameId "2160767909411636"]
[EventDate "2012.11.03"]
[EventType "swiss"]
[EventRounds "5"]
[EventCountry "CAN"]

1. Nf3 Nf6 2. d4 g6 3. b3 Bg7 4. Bb2 O-O 5. e3 d6 6. Be2 e5 7. dxe5 Nfd7 8. O-O Nc6 9. Nc3 dxe5 10. Bb5 e4 11. Bxc6 bxc6 12. Nd4 Bb7 13. Na4 c5 14. Nb5 Bc6 15. Bxg7 Kxg7 16. Qe2 a6 17. Nbc3 Ne5 18. Kh1 c4 19. Nc5 Qh4 20. Rad1 Rae8 21. Nxa6 Nf3 22. gxf3 Re5 23. fxe4 1-0

[Event "Guelph Fall Pro-Am"]
[Site "Guelph CAN"]
[Date "2012.11.03"]
[Round "3"]
[White "Cheng, Bindi"]
[Black "Sambuev, Bator"]
[Result "0-1"]
[WhiteElo "2483"]
[BlackElo "2677"]
[PlyCount "102"]
[GameId "2160767909411637"]
[EventDate "2012.11.03"]
[EventType "swiss"]
[EventRounds "5"]
[EventCountry "CAN"]

1. d4 d5 2. c4 e6 3. Nf3 c6 4. Qc2 dxc4 5. Qxc4 Nf6 6. g3 b5 7. Qb3 Bb7 8. Bg2 Nbd7 9. O-O Qb6 10. a4 a6 11. axb5 cxb5 12. Be3 Bd5 13. Qd3 Bb4 14. Bd2 Bxd2 15. Nbxd2 Qb7 16. Rfe1 Ne4 17. Nb3 Rc8 18. Na5 Qa8 19. Qa3 f6 20. Red1 Kf7 21. Ne1 f5 22. f3 Nef6 23. Rd2 Qa7 24. Kh1 h5 25. e4 fxe4 26. Qe3 exf3 27. Nxf3 Rhe8 28. Re1 Kg8 29. Ne5 Nxe5 30. Bxd5 exd5 31. dxe5 Qxe3 32. Rxe3 Ne4 33. Rxd5 Rc1+ 34. Kg2 Rc2+ 35. Kf1 Nf6 36. Rd6 Ng4 37. Re2 Nxh2+ 38. Ke1 Rxe2+ 39. Kxe2 Rxe5+ 40. Kf2 Rf5+ 41. Kg2 Ng4 42. b4 Rf2+ 43. Kg1 Rf6 44. Rd7 Kh7 45. Nb7 Ne5 46. Rd5 Nc6 47. Rxh5+ Rh6 48. Rc5 Nxb4 49. Nd8 Rf6 50. Rc7 Kg6 51. Nb7 Rf7 0-1

[Event "Guelph Fall Pro-Am"]
[Site "Guelph CAN"]
[Date "2012.11.04"]
[Round "4"]
[White "Plotkin, Victor"]
[Black "Cheng, Bindi"]
[Result "1/2-1/2"]
[WhiteElo "2336"]
[BlackElo "2483"]
[PlyCount "117"]
[GameId "2160767909411638"]
[EventDate "2012.11.03"]
[EventType "swiss"]
[EventRounds "5"]
[EventCountry "CAN"]

1. e4 d5 2. exd5 Nf6 3. c4 c6 4. Nf3 cxd5 5. d4 g6 6. Nc3 Bg7 7. cxd5 O-O 8. Bc4 Nbd7 9. d6 exd6 10. O-O Nb6 11. Bb3 Bf5 12. Bf4 Ne4 13. Rc1 Nxc3 14. Rxc3 Be4 15. Re1 Bc6 16. Rc1 Nd5 17. Bg5 Qb6 18. Qd2 Qb4 19. Rcd1 Qxd2 20. Nxd2 h6 21. Bh4 Rfe8 22. Ne4 Re6 23. f3 Kf8 24. Nc3 Nxc3 25. bxc3 d5 26. Bg3 Rae8 27. Kf2 Bf6 28. Rxe6 fxe6 29. Be5 Kf7 30. Bxf6 Kxf6 31. f4 Rc8 32. Ke3 Bb5 33. Kd2 Bc4 34. Bc2 Rc6 35. Rb1 b5 36. a3 Rc8 37. g3 Rc6 38. Kc1 Be2 39. Kd2 Bc4 40. Re1 Ra6 41. Ra1 Rc6 42. h4 Rc8 43. g4 Kf7 44. Rg1 Rh8 45. f5 gxf5 46. gxf5 exf5 47. Bxf5 Kf6 48. Bc2 Re8 49. Rg6+ Kf7 50. Rxh6 Re2+ 51. Kd1 Rh2 52. Bf5 Kg7 53. Rh7+ Kf6 54. Bc8 a5 55. Rb7 Rxh4 56. Bd7 Rh1+ 57. Kd2 Rh2+ 58. Kc1 Rh1+ 59. Kd2 1/2-1/2

[Event "Guelph Fall Pro-Am"]
[Site "Guelph CAN"]
[Date "2012.11.04"]
[Round "4"]
[White "Xu, Haizhou"]
[Black "Sambuev, Bator"]
[Result "0-1"]
[WhiteElo "2295"]
[BlackElo "2677"]
[PlyCount "58"]
[GameId "2160767909411639"]
[EventDate "2012.11.03"]
[EventType "swiss"]
[EventRounds "5"]
[EventCountry "CAN"]

1. e4 e6 2. d4 d5 3. Nc3 Bb4 4. e5 c5 5. a3 Ba5 6. b4 cxd4 7. Qg4 Ne7 8. bxa5 dxc3 9. Qxg7 Rg8 10. Qxh7 Nbc6 11. Nf3 Qc7 12. Bf4 Bd7 13. a6 O-O-O 14. axb7+ Kb8 15. Qd3 Rg4 16. g3 Ng6 17. Qxc3 Nxf4 18. h3 Nxh3 19. Rxh3 Re4+ 20. Kd2 f6 21. exf6 e5 22. Rh2 Qd6 23. Rh6 d4 24. Qc4 Rg4 25. Bh3 d3 26. Bxg4 Bxg4 27. Rh8 dxc2+ 28. Ke3 Rxh8 29. Qxg4 Qc5+ 0-1

[Event "Guelph Fall Pro-Am"]
[Site "Guelph CAN"]
[Date "2012.11.04"]
[Round "5"]
[White "Filipovich, David"]
[Black "Henry, Liam"]
[Result "1-0"]
[WhiteElo "2212"]
[BlackElo "2253"]
[PlyCount "41"]
[GameId "2160767909411640"]
[EventDate "2012.11.03"]
[EventType "swiss"]
[EventRounds "5"]
[EventCountry "CAN"]

1. Nf3 Nf6 2. g3 g6 3. Bg2 Bg7 4. O-O O-O 5. d4 d6 6. b3 e5 7. dxe5 Ng4 8. Bg5 Qe8 9. Nc3 h6 10. Nd5 hxg5 11. Nxc7 Qd8 12. Qxd6 Na6 13. Qxd8 Rxd8 14. Nxa8 Bf5 15. Nxg5 Rxa8 16. Bxb7 Nc7 17. Bxa8 Nxa8 18. Rad1 Nb6 19. Rd8+ Bf8 20. e4 Bd7 21. Rd1 1-0

[Event "Guelph Fall Pro-Am"]
[Site "Guelph CAN"]
[Date "2012.11.04"]
[Round "5"]
[White "Sambuev, Bator"]
[Black "Noritsyn, Nikolay"]
[Result "1-0"]
[WhiteElo "2677"]
[BlackElo "2605"]
[PlyCount "83"]
[GameId "2160767909411641"]
[EventDate "2012.11.03"]
[EventType "swiss"]
[EventRounds "5"]
[EventCountry "CAN"]

1. d4 Nf6 2. Nf3 e6 3. e3 c5 4. Bd3 b6 5. O-O Bb7 6. c4 Be7 7. Nc3 cxd4 8. exd4 d6 9. d5 e5 10. Nh4 Nxd5 11. cxd5 Bxh4 12. Bb5+ Nd7 13. Qg4 Bf6 14. Ne4 Qe7 15. Rd1 h5 16. Qh3 O-O-O 17. a4 a6 18. Bc6 Kb8 19. b4 Bxc6 20. dxc6 d5 21. cxd7 Qe6 22. Qxe6 fxe6 23. Be3 d4 24. Bd2 Rxd7 25. Rac1 Kb7 26. Kf1 Be7 27. Ke2 Rg8 28. Kd3 g5 29. Rc2 Rc7 30. Rxc7+ Kxc7 31. Rc1+ Kd7 32. f3 g4 33. f4 exf4 34. Bxf4 Rf8 35. g3 e5 36. Bxe5 Bxb4 37. Kxd4 b5 38. axb5 axb5 39. Kd5 Rf3 40. Rc7+ Kd8 41. Rb7 Ke8 42. Ke6 1-0

[Event "Guelph Spring Pro-Am"]
[Site "Guelph CAN"]
[Date "2012.06.24"]
[Round "4"]
[White "Gerzhoy, Leonid"]
[Black "Sambuev, Bator"]
[Result "0-1"]
[WhiteElo "2592"]
[BlackElo "2700"]
[PlyCount "68"]
[GameId "2160767909509076"]
[EventDate "2012.06.22"]
[EventType "swiss"]
[EventRounds "5"]
[EventCountry "CAN"]
[SourceTitle "hb 2012"]

1. d4 d5 2. c4 c6 3. Nf3 e6 4. Qc2 dxc4 5. Qxc4 Nf6 6. g3 b5 7. Qb3 Bb7 8. Bg2 Nbd7 9. O-O Qb6 10. Nc3 a6 11. a4 c5 12. dxc5 Nxc5 13. Qc2 b4 14. a5 Qa7 15. Na4 Be4 16. Qc4 Nxa4 17. Rxa4 Qb7 18. Bg5 Rc8 19. Qd4 Bc5 20. Qd2 Nd5 21. Raa1 f6 22. Be3 Nxe3 23. fxe3 Ke7 24. Bh3 Rhd8 25. Nd4 Bxd4 26. exd4 Rc2 27. Qe3 Qd5 28. Rfd1 Rdc8 29. Rac1 b3 30. Bf1 Rxc1 31. Rxc1 Rc2 32. Ra1 Rxb2 33. Ra4 Rb1 34. Qc3 Qf5 0-1

[Event "Guelph Summer Pro-Am"]
[Site "Guelph CAN"]
[Date "2012.06.22"]
[Round "1"]
[White "Itkin, David"]
[Black "Noritsyn, Nikolay"]
[Result "1-0"]
[WhiteElo "2212"]
[BlackElo "2661"]
[PlyCount "59"]
[GameId "2160767909509077"]
[EventDate "2012.06.22"]
[EventType "swiss"]
[EventRounds "5"]
[EventCountry "CAN"]
[SourceTitle "EXT 2022"]
[Source "ChessBase"]
[SourceDate "2021.10.06"]
[SourceVersion "1"]
[SourceVersionDate "2021.10.06"]
[SourceQuality "1"]

1. e4 c5 2. Nf3 e6 3. Nc3 a6 4. d4 cxd4 5. Nxd4 b5 6. Bd3 Bb7 7. O-O Qb6 8. Nb3 Qc7 9. f4 b4 10. Ne2 Nf6 11. Ng3 h5 12. e5 Qb6+ 13. Kh1 h4 14. Nf5 h3 15. Ne3 Nd5 16. Rf3 hxg2+ 17. Nxg2 a5 18. Qe2 Nc6 19. Be3 Nxe3 20. Qxe3 Qxe3 21. Rxe3 g5 22. fxg5 a4 23. Nd2 b3 24. Ree1 Ke7 25. Be4 Rh3 26. Nf4 Rh4 27. Nd3 Bg7 28. a3 Rah8 29. Nf3 Rg4 30. c3 1-0

[Event "Guelph Summer Pro-Am"]
[Site "Guelph CAN"]
[Date "2012.06.22"]
[Round "1"]
[White "Knox, Christopher"]
[Black "Samsonkin, Artiom"]
[Result "0-1"]
[WhiteElo "2056"]
[BlackElo "2550"]
[PlyCount "55"]
[GameId "2160767909509078"]
[EventDate "2012.06.22"]
[EventType "swiss"]
[EventRounds "5"]
[EventCountry "CAN"]
[SourceTitle "EXT 2022"]
[Source "ChessBase"]
[SourceDate "2021.10.06"]
[SourceVersion "1"]
[SourceVersionDate "2021.10.06"]
[SourceQuality "1"]

1. d4 Nf6 2. c4 g6 3. Nc3 Bg7 4. e4 d6 5. Be2 O-O 6. Bg5 Nbd7 7. Nf3 h6 8. Bd2 e5 9. dxe5 dxe5 10. Qc2 c6 11. h3 Qe7 12. Be3 Nc5 13. Rd1 Nh5 14. g3 Kh7 15. b4 Ne6 16. c5 a5 17. a3 axb4 18. axb4 Rd8 19. Nd2 Nhf4 20. Nc4 Nxe2 21. Nxe2 Rxd1+ 22. Qxd1 Nd4 23. Nb6 Ra1 24. Nc1 Be6 25. Kf1 f5 26. exf5 Bxf5 27. Bxd4 exd4 28. Kg2 0-1

[Event "Guelph Summer Pro-Am"]
[Site "Guelph CAN"]
[Date "2012.06.22"]
[Round "1"]
[White "Sambuev, Bator"]
[Black "Ivanov, Mike"]
[Result "1-0"]
[WhiteElo "2700"]
[BlackElo "2236"]
[PlyCount "153"]
[GameId "2160767909509079"]
[EventDate "2012.06.22"]
[EventType "swiss"]
[EventRounds "5"]
[EventCountry "CAN"]
[SourceTitle "EXT 2022"]
[Source "ChessBase"]
[SourceDate "2021.10.06"]
[SourceVersion "1"]
[SourceVersionDate "2021.10.06"]
[SourceQuality "1"]

1. d4 Nf6 2. c4 c5 3. d5 e6 4. Nc3 exd5 5. cxd5 d6 6. e4 a6 7. f4 Bg4 8. Be2 Bxe2 9. Ngxe2 Nbd7 10. O-O b5 11. Ng3 Qb6 12. e5 dxe5 13. fxe5 Nxe5 14. Qe2 Nfd7 15. a4 b4 16. Nce4 O-O-O 17. Be3 g6 18. Kh1 h5 19. Rfc1 h4 20. Nxc5 Nxc5 21. a5 Qb5 22. Bxc5 Qxe2 23. Bd4+ Qc4 24. Bxe5 Qxc1+ 25. Rxc1+ Kb7 26. Rc7+ Ka8 27. Bxh8 hxg3 28. Rxf7 Bc5 29. Rh7 Rxd5 30. hxg3 Bd6 31. Kh2 Rg5 32. Bd4 Bb8 33. Bf6 Rxg3 34. Kg1 Ba7+ 35. Kf1 Rg4 36. Be5 Rg5 37. Re7 Bb8 38. Bd4 Rxa5 39. Re6 g5 40. g4 Bf4 41. Ke2 Ra1 42. Kd3 Kb7 43. Kc4 Rc1+ 44. Kxb4 Rc6 45. Re7+ Rc7 46. Re8 Bd2+ 47. Kb3 Kc6 48. Re2 Bf4 49. Kc4 Kd6+ 50. Kd3 Kd5 51. Re8 Rb7 52. Rd8+ Bd6 53. Bc3 Ke6 54. Ra8 Rb6 55. Bd4 Rc6 56. Ke4 Be7 57. Rg8 Kf7 58. Rg7+ Kf8 59. Rh7 a5 60. Rh8+ Kf7 61. Ra8 Bb4 62. Kf5 Rd6 63. Ra7+ Ke8 64. Be5 Rd7 65. Ra8+ Kf7 66. Kxg5 Ke6 67. Kf4 Be1 68. Ra6+ Kf7 69. g5 Rd8 70. Kf5 Rc8 71. Ra7+ Kg8 72. Rg7+ Kf8 73. Rh7 Rc2 74. g6 Rg2 75. Bf6 Rf2+ 76. Ke6 Re2+ 77. Be5 1-0

[Event "Guelph Summer Pro-Am"]
[Site "Guelph CAN"]
[Date "2012.06.22"]
[Round "1"]
[White "Song, Guannan Terry"]
[Black "Preotu, Razvan"]
[Result "0-1"]
[WhiteElo "1983"]
[BlackElo "2262"]
[PlyCount "66"]
[GameId "2160767909509080"]
[EventDate "2012.06.22"]
[EventType "swiss"]
[EventRounds "5"]
[EventCountry "CAN"]
[SourceTitle "EXT 2022"]
[Source "ChessBase"]
[SourceDate "2021.10.06"]
[SourceVersion "1"]
[SourceVersionDate "2021.10.06"]
[SourceQuality "1"]

1. d4 Nf6 2. Bg5 Ne4 3. Bf4 c5 4. f3 Qa5+ 5. c3 Nf6 6. d5 d6 7. e4 g6 8. a4 Bg7 9. Bb5+ Nbd7 10. Na3 O-O 11. Qd2 a6 12. Nc4 Qc7 13. Bxd7 Bxd7 14. a5 Bb5 15. Nb6 Rae8 16. c4 Bd7 17. O-O-O Bc8 18. Bh6 Nd7 19. Nxd7 Bxh6 20. Qxh6 Bxd7 21. h4 Qxa5 22. Kb1 Ba4 23. Rd3 Qe1+ 24. Ka2 Bc2 25. Ne2 Qxh1 26. Nc1 Bxd3 27. Nxd3 Qxg2 28. Nf4 Qxf3 29. h5 Qxe4 30. hxg6 fxg6 31. Ne6 Qxc4+ 32. b3 Rf2+ 33. Kb1 Qxb3+ 0-1

[Event "Guelph Summer Pro-Am"]
[Site "Guelph CAN"]
[Date "2012.06.22"]
[Round "1"]
[White "Song, Michael"]
[Black "Khayutin, Constantine"]
[Result "1/2-1/2"]
[WhiteElo "2277"]
[BlackElo "1943"]
[PlyCount "117"]
[GameId "2160767909509081"]
[EventDate "2012.06.22"]
[EventType "swiss"]
[EventRounds "5"]
[EventCountry "CAN"]
[SourceTitle "EXT 2022"]
[Source "ChessBase"]
[SourceDate "2021.10.06"]
[SourceVersion "1"]
[SourceVersionDate "2021.10.06"]
[SourceQuality "1"]

1. d4 Nf6 2. Nf3 d5 3. c4 e6 4. g3 Bb4+ 5. Bd2 Be7 6. Bg2 Nbd7 7. O-O Ne4 8. Bf4 Nb6 9. b3 c5 10. Qc2 cxd4 11. cxd5 Qxd5 12. Nfd2 d3 13. exd3 Qc5 14. Qxc5 Nxc5 15. d4 Nd3 16. Be3 Nd5 17. a3 Nxe3 18. fxe3 e5 19. Be4 exd4 20. Bxd3 dxe3 21. Nc4 Bc5 22. Re1 O-O 23. Nc3 Rd8 24. Be2 Bh3 25. b4 Bd4 26. Rac1 a6 27. Bf3 Rac8 28. Ne2 Ba7 29. Bxb7 Rc7 30. Na5 Rxc1 31. Rxc1 Rd2 32. Bf3 g5 33. Re1 f5 34. Nc6 Bb6 35. Ne5 Kg7 36. Kh1 Ba7 37. Ng1 g4 38. Be2 Kf6 39. Nc4 Rc2 40. Nxh3 gxh3 41. Kg1 Bd4 42. Kf1 Bc3 43. Rb1 Bd2 44. Nxd2 exd2 45. Rd1 Ke5 46. Bxa6 f4 47. gxf4+ Kxf4 48. Ke2 Ra2 49. Bd3 Rxa3 50. b5 Ra7 51. b6 Rg7 52. Kxd2 Kf3 53. Rb1 Rb7 54. Ba6 Rb8 55. b7 Kf2 56. Rc1 Rd8+ 57. Kc2 Kg2 58. Kb3 Kxh2 59. Rc8 1/2-1/2